000 00752nam a2200205 i 4500
001 173209
003 ES-MaACL
005 20250829120105.0
008 091118s1936 cu |||| | spa d
080 _a821.134.2(729.1)-14"18"
100 1 _aGómez de Avellaneda, Gertrudis,
_d1814-1873
_957886
245 1 0 _aSelección poética /
_cGertrudis Gómez Avellaneda.
260 _aLa Habana :
_bSecretaría de Educación, Dirección de Cultura,
_c1936.
300 _a51 p., [1] h. lám. retr. autora ;
_c19 cm.
490 1 _aCuadernos de cultura. Segunda serie ;
_v2
710 1 _aCuba.
_bDirección General de Cultura.
_9146958
830 1 _aCuadernos de cultura
_v2
_9181245
852 _aES-MaACL
_j2254-F-29
999 _c173209
_d173209